Ricostruisci la Carriera del Calciatore - João Cancelo - Statistics

Statistiche generali
  • Questo quiz è stato fatto 10 volte
  • Il punteggio medio è 8 su 8
Statistiche sulle risposte
Hint Risposta % Corretto
2023- Barcellona
100%
2014 Benfica
100%
2012-2014 Benfica B
100%
2018-2019 Juventus
100%
2019-2023 Manchester City
100%
2017-2018 Inter
89%
2014-2017 Valencia
89%
2023 Bayern Monaco
78%
Nessun quiz corrispondente trovato
Distribuzione punteggi
Percentuale di utenti per punteggio
Percentile per numero di risposta
I tuoi punteggi nel tempo
Non hai fatto questo quiz